|
|
|
|
| LEADER |
02561nam a2200613 i 4500 |
| 001 |
nkc20162784999 |
| 003 |
CZ PrNK |
| 005 |
20160517085313.0 |
| 007 |
ta |
| 008 |
160322s2015 xr abcee c 000 0 ger |
| 015 |
|
|
|a cnb002784999
|
| 020 |
|
|
|a 978-80-7247-125-6
|q (brožováno)
|
| 035 |
|
|
|a (OCoLC)946295824
|
| 040 |
|
|
|a ABA001
|b cze
|e rda
|
| 041 |
1 |
|
|a ger
|h cze
|
| 043 |
|
|
|a e-xr---
|b e-xr-cc
|2 czenas
|
| 072 |
|
7 |
|a 94(437)
|x Dějiny Česka a Slovenska
|2 Konspekt
|9 8
|
| 080 |
|
|
|a 069
|2 MRF
|
| 080 |
|
|
|a 903
|2 MRF
|
| 080 |
|
|
|a 94"04/14"
|2 MRF
|
| 080 |
|
|
|a 94(437.31-14)
|2 MRF
|
| 080 |
|
|
|a (083.82)
|2 MRF
|
| 100 |
1 |
|
|a Metlička, Milan,
|d 1962-
|7 mzk2004257571
|4 aut
|
| 245 |
1 |
0 |
|a Urgeschichte und Frühmittelalter in Südwestböhmen :
|b Katalog zur Exposition : Blick in die Vergangenheit der Region Pilsen : Archäologie von Beginn bis zum 10. Jahrhundert /
|c Milan Metlička und Kollektiv ; Übersetzung Klára Studená
|
| 246 |
3 |
0 |
|a Blick in die Vergangenheit der Region Pilsen
|
| 246 |
1 |
8 |
|a Katalog Urgeschichte und Frühmittelalter in Südwestböhmen
|
| 250 |
|
|
|a Erste Ausgabe
|
| 264 |
|
1 |
|a Plzeň :
|b Západočeské muzeum v Plzni, p.o.,
|c 2015
|
| 300 |
|
|
|a 167 stran :
|b ilustrace (převážně barevné), mapy, 1 portrét, plány, faksimile ;
|c 30 cm
|
| 336 |
|
|
|a text
|b txt
|2 rdacontent
|
| 337 |
|
|
|a bez média
|b n
|2 rdamedia
|
| 338 |
|
|
|a svazek
|b nc
|2 rdacarrier
|
| 500 |
|
|
|a Přeloženo z češtiny?
|
| 500 |
|
|
|a Podnázev v tiráži: Katalog zur Exposition Blicke in die Vergangenheit der Region Pilsen
|
| 610 |
2 |
7 |
|a Západočeské muzeum (Plzeň, Česko)
|7 kn20010709441
|2 czenas
|
| 650 |
0 |
7 |
|a muzea
|7 ph115380
|z Česko
|2 czenas
|
| 650 |
0 |
7 |
|a stálé expozice
|7 ph854721
|z Česko
|2 czenas
|
| 650 |
0 |
7 |
|a pravěk
|7 ph117254
|z Česko
|2 czenas
|
| 650 |
0 |
7 |
|a středověk
|7 ph126223
|z Česko
|2 czenas
|
| 650 |
0 |
9 |
|a museums
|z Czechia
|2 eczenas
|
| 650 |
0 |
9 |
|a permanent exhibitions
|z Czechia
|2 eczenas
|
| 650 |
0 |
9 |
|a prehistory
|z Czechia
|2 eczenas
|
| 650 |
0 |
9 |
|a middle ages
|z Czechia
|2 eczenas
|
| 651 |
|
7 |
|a Čechy jihozápadní (Česko)
|7 ge131647
|x dějiny
|2 czenas
|
| 651 |
|
9 |
|a Bohemia, Southwestern (Czechia)
|x history
|2 eczenas
|
| 655 |
|
7 |
|a katalogy
|7 fd132535
|2 czenas
|
| 655 |
|
9 |
|a catalogs
|2 eczenas
|
| 700 |
1 |
|
|a Studená, Klára
|7 pag2010612326
|4 trl
|
| 710 |
2 |
|
|a Západočeské muzeum (Plzeň, Česko)
|7 kn20010709441
|4 orm
|4 isb
|
| 910 |
2 |
|
|a BOA001
|b 4-1365.262
|
| 990 |
|
|
|a BK
|
| 995 |
|
|
|a 01
|
| 991 |
|
|
|b 201604
|c NOV
|
| 996 |
6 |
|
|b 2610665576
|c 4-1365.262
|l MZK
|r Sklad / do 1 hodiny
|n 0
|p p.v.
|w 001554239
|u 000010
|a 1
|e BOA001
|j MZK50
|s P
|